| 000 | 01270nam a22002895i 4500 | ||
|---|---|---|---|
| 001 | 164400 | ||
| 003 | ES-MaACL | ||
| 005 | 20251009191504.0 | ||
| 008 | 951123s1802 sp |||| | spa d | ||
| 040 |
_aEUS _bspa _cEUS |
||
| 080 | _a821.134.2-14"17" | ||
| 100 | 1 |
_aSalas, Francisco Gregorio de, _d1728-1808 _9132319 |
|
| 245 | 1 | 0 |
_aObservatorio rústico / _cpor Francisco Gregorio de Salas. |
| 250 | _a[Nueva y séptima edicion]. | ||
| 260 |
_aEn Madrid : _ben la Imprenta de Repullés : _bse hallará en la Librerias de Castillo ... : _bde Orea ..., _c1802. |
||
| 300 |
_a161 p., [6] h. lám. ; _c14 cm. |
||
| 595 | _aMención de edición consta al final del texto. | ||
| 596 | _aPie de imprenta tomado del colofón. | ||
| 597 | _aPortada frontispicia grabada, firmada por "A. Rodriguez del. ; F. de P. Marti fct." | ||
| 597 | _aAnteportada. | ||
| 599 | _aGrabado calcográfico encarado con p. 7, firmado por "Aº. Rodr. inv. ; Fº. Miranda fc. " | ||
| 700 | 1 |
_aRodríguez, Antonio, _d1765-ca. 1823 _9148057 |
|
| 700 | 1 |
_aMartí, Francisco de Paula, _d1761-1827 _9148058 |
|
| 700 | 1 |
_aMiranda, Francisco, _dfl. 1798-1811 _9148059 |
|
| 852 |
_aES-MaACL _jD-3973 _z-- Enc. pasta grabada _z.- Legado M. de la Fuente |
||
| 999 |
_c164400 _d164400 |
||